LEADER 01493nam--2200433---450- 001 990001286080203316 005 20090220123544.0 010 $a88-464-3510-9 035 $a000128608 035 $aUSA01000128608 035 $a(ALEPH)000128608USA01 035 $a000128608 100 $a20031127d2001----km-y0enga50------ba 101 $aita 102 $aIT 105 $ay|||z|||001yy 200 1 $aMetodologie per l'innovazione territoriale$eun progetto sperimentale nelle aree di Pisa, Benevento, Brindisi e Lecce$fa cura di Riccardo Lanzara, Michela Lazzeroni$gprefazione di Riccardo Varaldo 210 $aMilano$cF.Angeli$d2001 215 $a237 p.$d23 cm 410 0$12001 454 1$12001 461 1$1001-------$12001 606 0 $aSviluppo economico e pianificazione territoriale 606 0 $aSviluppo economico e pianificazione territoriale$yItalia 700 1$aLANZARA,$bRiccardo$0107611 701 1$aLAZZERONI,$bMichela$0261462 702 1$aVARALDO,$bRiccardo 801 0$aIT$bsalbc$gISBD 912 $a990001286080203316 951 $a338.9 LAN 1 (IEP IV 330)$b11859 E.C.$cIEP IV$d00089314 959 $aBK 969 $aECO 979 $aMARIA$b10$c20031127$lUSA01$h1318 979 $aPATRY$b90$c20040406$lUSA01$h1731 979 $aFIORELLA$b90$c20041029$lUSA01$h0928 979 $aFIORELLA$b90$c20041029$lUSA01$h0929 979 $aRSIAV5$b90$c20090220$lUSA01$h1235 996 $aMetodologie per l'innovazione territoriale$9928188 997 $aUNISA